000 00325nam a2200145Ia 4500
008 191201s2004 xx 000 0 und d
082 _a620.11
_bRAM
100 _aRAJENDRAN, V
245 0 _aMaterials Science
250 _a1st
260 _aN.Delhi
_bTMH
_c2004
300 _a24.10
650 _aB.Tech(ME)
942 _2ddc
_cBK
999 _c1351
_d1351